• 首页
  • 本馆介绍
  • 公告通知
  • 最新文献
  • 馆藏检索
  • 电子资源
  • 读者导购
  • 参考咨询
  • 我的图书馆
  • 登录
  • 详细信息显示
  • 放入我的书架
  • 预约/预借图书
  • 作者相关作品
  • 分类相关作品
  • 丛书相关作品
  • 出版社相关作品

书目信息

  • 表格格式
  • 工作单格式
  • 卡片格式
题名:
唐文选
    
 
作者: 高文 , 何法周 主编 ;白本松 注释
分册: 上  
出版信息: 北京   人民文学出版社  1987
页数: 422页
开本: 20cm
丛书名: 中国古典文学读本丛书
单 册:
中图分类: I264.2 , I211
科图分类:
主题词: 古典散文--中国--唐代--选集 , 古典散文 , 文学--作品集--中国
电子资源:
ISBN: 7-02-001793-2
000 00827oam2 2200289 450
001 1554962370
005 20150127151723.50
010    @a7-02-001793-2@dCNY18.00
100    @a19980122d1987 em y0chiy0110 ea
101 0  @achi
102    @aCN@b110000
105    @ay z 000cy
200 1  @a唐文选@9tang wen xuan@h上@f高文,何法周主编@g白本松等注释
210    @a北京@c人民文学出版社@d1987@h1997印
215    @a422页@d20cm
225 2  @a中国古典文学读本丛书
461  0 @12001 @a中国古典文学读本丛书
606 0  @a古典散文@y中国@z唐代@x选集
606 0  @a古典散文
606 0  @a文学@x作品集@x中国
690    @aI264.2@v5
690    @aI211@v4
701  0 @a高文@9gao wen@4主编
701  0 @a何法周@9he fa zhou@4主编
702  0 @a白本松@9bai ben song@4注释
801  0 @aCN@bTSSF@c20150127
905    @aZUCC@dI211@eJY174:1
    
    唐文选.上/高文,何法周主编/白本松等注释.-北京:人民文学出版社,1987(1997印)
    422页;20cm.-(中国古典文学读本丛书)
    
    
    ISBN 7-02-001793-2:CNY18.00
    
●
相关链接 在E读中查询图书 在五车中查询图书 在当当中查询图书 在豆瓣中查询图书


正题名:唐文选     索取号:I211/JY174:1         预约/预借

序号 登录号 条形码 馆藏地/架位号 状态 备注
1 7837869   278378694   学院路分馆/ [索取号:I211/JY174:1] 在馆    
2 7837870   278378701   学院路分馆/ [索取号:I211/JY174:1] 在馆    
3 7837873   278378738   学院路分馆/ [索取号:I211/JY174:1] 在馆    
唐山师范学院图书馆 欢迎您!
大连网信软件有限公司© 版权所有